000 01043nam a2200301 i 4500
003 EG-GICUC
005 20260121101223.0
008 251115s1998 jo ||||fr|||| 00| 0 ara d
017 _a٥٩٠ / ١٩٨٩/٩
040 _a EG-GICUC
_bara
_c EG-GICUC
_d EG-GICUC
_erda
041 0 _aara
082 0 4 _221
_a345
_bح ا . ق
092 0 4 _221
099 _aLaw1 07 345 ح ا . ق 1998
100 0 _aخالد سمارة الزعبي
_eمؤلف.
245 1 2 _aالقانون الإداري /
_cالدكتور خالد سمارة الزعبي.
264 1 _aعمان :
_bمكتبة دار الثقافة،
_c1998.
300 _a307 ؛صفحة
_c24 سم.
336 _2rda content
_atext
337 _2rda media
_aComputer
338 _2rda carrier
_aOnline Resource
504 _a. 307-293 ببليوجرافيا: صفحات.
546 _aالنص باللغة العربية
650 1 4 _aالقانون الإداري
856 4 0 _uhttps://fll.law.cu.edu.eg/fulltext/bks/B07-00598.pdf
905 _a32
_eYara
942 _2ddc
_cBK
_e21
_n0
999 _c43336
_d43336